Oakey' perfect day / (Record no. 7057)

MARC details
000 -LEADER
fixed length control field 01093nam a22002897a 4500
001 - CONTROL NUMBER
control field 7057
003 - CONTROL NUMBER IDENTIFIER
control field FISKH
005 - DATE AND TIME OF LATEST TRANSACTION
control field 20250619141940.0
008 - FIXED-LENGTH DATA ELEMENTS--GENERAL INFORMATION
fixed length control field 250619b cb ||||| |||| 00| 0 eng d
020 ## - INTERNATIONAL STANDARD BOOK NUMBER
International Standard Book Number 9781405471565
040 ## - CATALOGING SOURCE
Original cataloging agency FISKH
Language of cataloging eng
Transcribing agency FISKH
Modifying agency FISKH
050 ## - LIBRARY OF CONGRESS CALL NUMBER
Classification number PZ7
082 ## - DEWEY DECIMAL CLASSIFICATION NUMBER
Classification number 823.92
100 ## - MAIN ENTRY--PERSONAL NAME
Personal name Harker, Jill
245 ## - TITLE STATEMENT
Title Oakey' perfect day /
Statement of responsibility, etc. Written by Jillian Harker ; Illustrated by Andy Everitt-Stewart
250 ## - EDITION STATEMENT
Edition statement This edition published by Paragon in 2010
260 ## - PUBLICATION, DISTRIBUTION, ETC.
Place of publication, distribution, etc. Bath,
Name of publisher, distributor, etc. Paragon Book,
Date of publication, distribution, etc. 2006
300 ## - PHYSICAL DESCRIPTION
Extent 28 pages :
Other physical details color illustrations ;
Dimensions 25 cm
505 ## - FORMATTED CONTENTS NOTE
Formatted contents note J<br/>
520 ## - SUMMARY, ETC.
Summary, etc. "Oakey goes exploring, making some new friends along the way. But when he gets lost in the big, wide world, who will help Oakey? Luckily Duck, Pig, and Horse come to the rescue and lead him safely back home. Oakey's exciting day has been ... just perfect!"
521 8# - TARGET AUDIENCE NOTE
Target audience note 500<br/>
Source Lexile estimate <br/>
521 8# - TARGET AUDIENCE NOTE
Target audience note J<br/>
Source Raz-Plus<br/>
650 ## - SUBJECT ADDED ENTRY--TOPICAL TERM
Topical term or geographic name entry element Getting lost
Form subdivision Fiction
General subdivision Rabbits
700 ## - ADDED ENTRY--PERSONAL NAME
Personal name Everitt-Stewart, Andy
Relator term illustrator
942 ## - ADDED ENTRY ELEMENTS (KOHA)
Source of classification or shelving scheme Dewey Decimal Classification
Koha item type Books
Suppress in OPAC No
Holdings
Withdrawn status Lost status Source of classification or shelving scheme Damaged status Not for loan Collection Home library Current library Shelving location Date acquired Total Checkouts Full call number Barcode Date last seen Copy number Price effective from Koha item type
    Dewey Decimal Classification     Juvenile Fiction Footprints International School Library Network Toul Kork Campus Footprints International School Library Network Toul Kork Campus TK Primary Library Room(4th Floor), Bookcase 1&2, Shelves 1-16, Dark Blue Books 06/19/2025   HAR 823.92 PZ7 FISBK00423 06/19/2025 1 06/19/2025 Books